Membina hati bahagia (Record no. 77293)

MARC details
000 -LEADER
fixed length control field 00815nam a2200277 i 4500
001 - CONTROL NUMBER
control field C2-0268495
003 - CONTROL NUMBER IDENTIFIER
control field PPAK
005 - DATE AND TIME OF LATEST TRANSACTION
control field 20180727235410.0
008 - FIXED-LENGTH DATA ELEMENTS--GENERAL INFORMATION
fixed length control field 060808s2005 my |||| ||||| | may d
020 ## - INTERNATIONAL STANDARD BOOK NUMBER
International Standard Book Number 9678602113 ; 9789678602112
040 ## - CATALOGING SOURCE
Original cataloging agency PPAK
Language of cataloging eng
Transcribing agency PPAK
Description conventions rda
082 04 - DEWEY DECIMAL CLASSIFICATION NUMBER
Classification number 305.4
Edition number 23
090 00 - LOCALLY ASSIGNED LC-TYPE CALL NUMBER (OCLC); LOCAL CALL NUMBER (RLIN)
Classification number (OCLC) (R) ; Classification number, CALL (RLIN) (NR) 305.4
Feature heading HMT
Feature heading G
100 0# - MAIN ENTRY--PERSONAL NAME
Personal name H. M. Tuah Iskandar,
Titles and words associated with a name Dr.
Dates associated with a name 1960-
Relator term author
245 10 - TITLE STATEMENT
Title Membina hati bahagia
264 #1 - PRODUCTION, PUBLICATION, DISTRIBUTION, MANUFACTURE, AND COPYRIGHT NOTICE
Place of production, publication, distribution, manufacture Shah Alam, Selangor :
Name of producer, publisher, distributor, manufacturer Karya Bestari ,
Date of production, publication, distribution, manufacture, or copyright notice 2005
300 ## - PHYSICAL DESCRIPTION
Extent 319 pages ;
Dimensions 21 cm
336 ## - CONTENT TYPE
Source rdacontent
Content type term text
337 ## - MEDIA TYPE
Source rdamedia
Media type term unmediated
338 ## - CARRIER TYPE
Source rdacarrier
Carrier type term volume
490 1# - SERIES STATEMENT
Series statement Motivasi kasih sayang
650 10 - SUBJECT ADDED ENTRY--TOPICAL TERM
Topical term or geographic name entry element Women Conduct of life. ; Husband and wife Conduct of life.
700 ## - ADDED ENTRY--PERSONAL NAME
Relator term author
830 #0 - SERIES ADDED ENTRY--UNIFORM TITLE
Uniform title Motivasi kasih sayang
942 ## - ADDED ENTRY ELEMENTS (KOHA)
-- dc
Koha item type Book
Holdings
Withdrawn Not for loan Current library Shelving location Date acquired Full call number Barcode Date last seen Koha item type Total Checkouts Date last checked out
    Perpustakaan Alor Setar Pinjaman Dewasa 05/02/2007 305.4 HMT A01142878 28/10/2023 Book 1 30/09/2023
    Perpustakaan Alor Setar Pinjaman Dewasa 05/02/2007 305.4 HMT A01142879 28/12/2022 Book 1 11/12/2022
    Perpustakaan Awam Sungai Petani Pinjaman Dewasa 05/02/2007 305.4 HMT A01142880 09/05/2018 Book    
    Perpustakaan Baling Pinjaman Dewasa 05/02/2007 305.4 HMT A01142883 09/05/2018 Book    
    Perpustakaan Bandar Baharu Pinjaman Dewasa 18/02/2015 305.4 HMT A00873482 09/05/2018 Book    
    Perpustakaan Jitra Pinjaman Dewasa 05/02/2007 305.4 HMT A01142881 14/01/2023 Book 1 21/12/2022
    Perpustakaan Kulim Pinjaman Dewasa 05/02/2007 305.4 HMT A01142882 09/05/2018 Book    
    Perpustakaan Merbok Pinjaman Dewasa 15/11/2015 305.4 HMT A00876088 09/05/2018 Book    
    Perpustakaan Sik Pinjaman Dewasa 24/06/2012 305.4 HMT A00867884 09/05/2018 Book    
    Perpustakaan Yan Pinjaman Dewasa 05/02/2007 305.4 HMT A01142885 09/05/2018 Book    
    PD04, Kg. Bukit Nambua, Kuala Nerang Pinjaman Dewasa 08/06/2006 305.4 HMT A01117793 09/05/2018 Book    
    PD34, Kg. Pantai Prai Pinjaman Dewasa 06/09/2006 305.4 HMT A01123251 09/05/2018 Book